000
00163 a2200073 4500
020
_a
9780851991153
082
_a
636.30824 GOR
245
_a
REPRODUCTION IN SHEEP & GOATS
999
_c
793921
_d
793920
942
_w
223
_x
Zanele Mgwenya
_y
223
_z
Zanele Mgwenya